Zum Vergleich der Lexik in den slavischen Sprachen unter diachronischem Aspekt

Bibliographic Details
Main Author: Blanár, Vincent, 1920-2012 (Author)
Format: Book
Language:German
PhysicalDescription:S. 19-26 24 cm
Published: [Wien s.n] 1991
Subjects:

MARC

LEADER 00000nam a2200000 a 4500
001 vtls001444161
003 SK-MaSNL
005 20260301203004.0
008 240315s1991 au rn 00000 ger
015 |a SNBZSA2007-00516 
035 |a SNK000399386 
040 |a SNK  |b slo  |c SNK  |e AACR2 
041 0 |a ger 
044 |a au  |c AT 
072 7 |a 811.16  |x Slovanské jazyky  |2 konspekt 
080 |a 811.16`373  |2 2001 
100 1 |a Blanár, Vincent,  |d 1920-2012  |4 aut  |9 89998 
245 1 0 |a Zum Vergleich der Lexik in den slavischen Sprachen unter diachronischem Aspekt  |c Vincent Blanár 
260 |a [Wien  |b s.n]  |c 1991 
300 |a S. 19-26  |c 24 cm 
500 |a Sep. odt. z: Wiener Slavistisches Jahrbuch, Bd. 37 (1991) 
500 |a Bez tit. strany 
504 |a Bibliogr. 
650 0 7 |a slovanské jazyky  |2 snkph  |9 1338 
650 0 7 |a slovná zásoba  |2 snkph  |9 66837 
655 7 |a štúdie  |2 snkph  |9 57033 
655 7 |a separáty  |2 snkph  |9 70334 
958 |a ZS 
958 |a SS 
958 |a NB 
999 |c 900954  |d 902884 
952 |t P60, <04>, [BOOK], {604}  |a SNK  |b SNK  |y VYP  |7 0  |p 17A0363478  |o snkOSC 21940 D1  |i snkK 801/2002  |0 0  |1 0  |4 0  |d 2002-11-12  |l 0  |r 2005-01-02 00:00:00  |w 2026-02-24 
952 |t P60, <91>, [BOOK], {603}, -B-  |a SNK  |b SNK  |y PREZ  |7 0  |p 17A0363480  |o snkOSC 21940  |i snkK 800/2002  |8 4  |0 0  |1 0  |4 0  |d 2002-11-12  |l 0  |r 2005-01-02 00:00:00  |w 2026-02-24